South Eastern Kenya University

Library Online Public Access Catalogue


water pollution in riparian community: the case of river Athi in Makueni county, Kenya/ (Record no. 18137)

MARC details
000 -LEADER
fixed length control field 00673nam a22001937a 4500
003 - CONTROL NUMBER IDENTIFIER
control field OSt
005 - DATE AND TIME OF LATEST TRANSACTION
control field 20220216155135.0
008 - FIXED-LENGTH DATA ELEMENTS--GENERAL INFORMATION
fixed length control field 220216b |||||||| |||| 00| 0 eng d
040 ## - CATALOGING SOURCE
Original cataloging agency SEKU
050 ## - LIBRARY OF CONGRESS CALL NUMBER
Classification number TD 353
Item number . M86
100 ## - MAIN ENTRY--PERSONAL NAME
Personal name Munyao, Joseph Musyoka
245 ## - TITLE STATEMENT
Title water pollution in riparian community: the case of river Athi in Makueni county, Kenya/
Remainder of title A research thesis submitted in partial fulfillment of the requirements for the deegre of master of science in environmental management of south Eastern Kenya University:
300 ## - PHYSICAL DESCRIPTION
Extent 94P.:,
504 ## - BIBLIOGRAPHY, ETC. NOTE
Bibliography, etc Includes references
650 ## - SUBJECT ADDED ENTRY--TOPICAL TERM
General subdivision water
650 ## - SUBJECT ADDED ENTRY--TOPICAL TERM
Form subdivision pollution
650 ## - SUBJECT ADDED ENTRY--TOPICAL TERM
Chronological subdivision people
942 ## - ADDED ENTRY ELEMENTS (KOHA)
Source of classification or shelving scheme Library of Congress Classification
Koha item type Thesis
Holdings
Withdrawn status Lost status Source of classification or shelving scheme Damaged status Not for loan Home library Current library Shelving location Date acquired Full call number Barcode Date last seen Price effective from Koha item type
    Library of Congress Classification     SEHSS - Library SEHSS - Library Shortloan 16/02/2022 [The] TD 353 .M87 2021/025266 16/02/2022 16/02/2022 Thesis
Kitui, Kenya.
+254736116989
library@seku.ac.ke